BABYMONSTER Members Quiz - Statistics

General Stats
  • This quiz has been taken 1,141 times
  • The average score is 7 of 7
Answer Stats
Member % Correct
Asa
98%
Ruka
98%
Chiquita
97%
Ahyeon
96%
Pharita
96%
Rami
96%
Rora
95%
No matching quizzes found
Score Distribution
Percent of People with Each Score
Percentile by Number Answered
Your Score History
You have not taken this quiz